The blood of the cross. (Record no. 7632)

000 -LEADER
fixed length control field 00561nam a2200181 a 4500
001 - CONTROL NUMBER
control field :::00005393$&:&@@
003 - CONTROL NUMBER IDENTIFIER
control field OkBaRHE
005 - DATE AND TIME OF LATEST TRANSACTION
control field 20100401145114.0
008 - FIXED-LENGTH DATA ELEMENTS--GENERAL INFORMATION
fixed length control field s1963 j 000 0 eng u
040 ## - CATALOGING SOURCE
Transcribing agency
100 1# - MAIN ENTRY--PERSONAL NAME
Personal name Murray, Andrew, 1828-1917.
245 14 - TITLE STATEMENT
Title The blood of the cross.
260 ## - PUBLICATION, DISTRIBUTION, ETC. (IMPRINT)
Place of publication, distribution, etc Old Tappan, NJ., :
Name of publisher, distributor, etc Fleming H. Revell Company
Date of publication, distribution, etc c1963
300 ## - PHYSICAL DESCRIPTION
Extent 96 p. ;
Dimensions 18 cm.
650 ## - SUBJECT ADDED ENTRY--TOPICAL TERM
Topical term or geographic name as entry element Blood in Religion
942 ## - ADDED ENTRY ELEMENTS (KOHA)
Source of classification or shelving scheme
Koha item type Books
Copies
Not for loan Source of classification or shelving scheme Damaged status Withdrawn status Barcode Koha item type Price effective from Date acquired Shelving location Full call number Permanent Location Date last seen Copy number Lost status
    5393Books2010-04-142010-04-14General StacksBT 590 .B5M91 1982RHEMA Bible Training College2010-04-141